| 000 | 00375nam a2200157Ia 4500 | ||
|---|---|---|---|
| 100 | _aNair/Santosh | ||
| 942 | _cBK | ||
| 366 | _f28 | ||
| 654 | _aeleven commandments | ||
| 245 | _aEleven commandments of life Maximization be a leader for life | ||
| 260 |
_bJaico Publishing House _c2013 |
||
| 082 | _bNAI | ||
| 300 | _a215 | ||
| 546 |
_aENGLISH _cComputers |
||
| 999 |
_c26500 _d26500 |
||